| 000 | 004540000a22001450004500 | ||
|---|---|---|---|
| 003 | MACL | ||
| 040 | _aMACL | ||
| 090 |
_c45061 _d45059 |
||
| 100 | _aPrasad, Rajendra | ||
| 245 |
_aHistory of Science, Philosophy and Culture in Indian Civilization _bVolume XII Part 2 A-Historical-Developmental Study of Classical Indian Philosophy of Morals |
||
| 260 |
_bConcept Publishing Company _c2009 |
||
| 350 | _a1800 | ||
| 650 | _aHistory | ||
| 942 |
_cBOOK _k100/PRA |
||
| 999 |
_c44599 _d44599 |
||